000 00279nam a2200133Ia 4500
100 _aBeta Group
942 _cBK
654 _aEconomics
245 _aEconomics : Study Material
260 _bMc Graw Hill
_aNew York
_c1987
300 _a950
546 _aENGLISH
999 _c23168
_d23168